| 000 | 00880nam a22001815i 4500 | ||
|---|---|---|---|
| 001 | 161067 | ||
| 003 | ES-MaACL | ||
| 005 | 20230906212204.0 | ||
| 008 | 960604s1890 sp |||| | spa d | ||
| 040 |
_aCLM _bspa _cCLM |
||
| 100 | 1 |
_aOrodea e Ibarra, Eduardo. _9130693 |
|
| 245 | 1 | 0 |
_aCurso de lecciones de Historia de España ó estudio crítico-filosófico de todas las épocas y sucesos notables de nuestra historia nacional desde los más remotos tiempos hasta el presente siglo / _cpor ... Eduardo Orodea é Ibarra. |
| 250 | _aDecimotercia edicion / corregida y amplaiamente reformada con arreglo á los conocimientos modernos por ... José María é Ibarra. | ||
| 260 |
_aSantander : _b[s.n.], _c1890 ( _fImp. Militar y del comercio de A. de Quesada) |
||
| 300 |
_a620 p. ; _c22 cm. |
||
| 651 | 4 |
_aEspaña- _xHistoria. _98209 |
|
| 852 |
_aES-MaACL _jG-2625 _z-- Enc. cart. |
||
| 999 |
_c161067 _d161067 |
||